| 000 | 05440nkm0a2200529 4500 | ||
|---|---|---|---|
| 001 | RU\NLR\BIBL_A\011174439 | ||
| 005 | 20250806205617.0 | ||
| 020 |
_aRU _b1010 (1942-[III]) _9Ленинград в Великой Отечественной войне : Печать Ленинграда. 1941-1945 : каталог изд., хранящихся в фондах Гос. Публ. б-ки. Вып. 2. Листовки, плакаты, открытки, альбомы / [сост. И.В. Разова, Ю.А. Фельдман, Е.М. Тепер и др.] ; М-во культуры РСФСР. Гос. Публ. б-ка им. М.Е. Салтыкова-Щедрина. - Ленинград, 1972 |
||
| 020 |
_aRU _b67 _9Ленинградские "Окна ТАСС" 1941-1945 : из собрания Отдела эстампов Российской национальной библиотеки : иллюстрированный каталог / Рос. нац. б-ка ; [сост.: М. Ю. Мельникова и др. ; авт. вступ. ст. и биогр. материалов: И. В. Селиванова]. - Санкт-Петербург: Изд-во Российской национальной библиотеки, 2015 |
||
| 035 | _a(NLR Aleph) 011174439 | ||
| 090 |
_a75213 _c75213 |
||
| 100 | _a20160711d1942 u y0rusy50 ca | ||
| 101 | 0 | _arus | |
| 102 | _aRU | ||
| 116 | _ahiycvv xx ad | ||
| 135 | _acrcn 024anaba | ||
| 200 | 1 |
_a[1]. Во время [т. е. вовремя] вскопай свой огород - Будешь с овощами круглый год _bИзоматериал _a[2]. Чтоб земля побольше овощей родила, Не должна в твоей печке залежаться зола _a[3]. Посей семена, посади рассаду - Витаминов не мало [т. е. немало] получишь в награду _a[4]. Поливай огород свой ретиво - Вырастишь овощи - всем на диво! _a[5]. И станет земля, заботой согрета, Подспорьем в хозяйстве до нового лета _e[плакат] _fрисунки В. Селиванова _gтекст А. Флита |
|
| 210 |
_a[Ленинград _d1942] |
||
| 215 |
_a5 л. _cтушь, гуашь, трафарет _d40х59,5 |
||
| 225 | 1 |
_aОкно ТАСС _iЛенинград _v[1942] |
|
| 325 | 1 | _aКопия доступна в электронной библиотеке РНБ | |
| 517 | 1 | _aВовремя вскопай свой огород - Будешь с овощами круглый год. Чтоб земля побольше овощей родила, Не должна в твоей печке залежаться зола. Посей семена, посади рассаду - Витаминов немало получишь в награду. Поливай огород свой ретиво - Вырастишь овощи - всем на диво! И станет земля, заботой согрета, Подспорьем в хозяйстве до нового лета | |
| 517 | 1 | _aВо время вскопай свой огород - Будешь с овощами круглый год | |
| 517 | 1 | _aВовремя вскопай свой огород - Будешь с овощами круглый год | |
| 517 | 1 | _aПосей семена, посади рассаду - Витаминов не мало получишь в награду | |
| 517 | 1 | _aПосей семена, посади рассаду - Витаминов немало получишь в награду | |
| 606 | 1 |
_aПлакат русский советский _z1941 - 1945 _yЛенинград, город _2nlr-sh2 _3RU\NLR\AUTH\661571886 |
|
| 606 | 1 |
_aВеликая Отечественная война _z1941 - 1945 _jПлакаты _2nlr-sh1 _2nlr-sh2 _3RU\NLR\AUTH\668893 |
|
| 606 | 1 |
_aОгородничество _yСССР _jПлакаты _2nlr_sh1 _3RU\NLR\AUTH\66929519 |
|
| 686 | 0 | _aЩ153(2Р=Рус)7-466 | |
| 700 | 1 |
_aСеливанов _bВ. Н. _f1902-1982 _gВасилий Николаевич _4040 |
|
| 702 | 1 |
_aФлит _bА. М. _f1892-1954 _gАлександр Матвеевич _3RU\NLR\AUTH\77127120 |
|
| 712 | 0 | 2 |
_aТелеграфное агентство СССР _bРедакция военно-оборонного плаката "Окна ТАСС" _3RU\NLR\AUTH\8810071442 _4570 |
| 712 | 0 | 2 |
_aТелеграфное агентство СССР _bЛенинградское областное отделение _3RU\NLR\AUTH\885717 _4570 |
| 852 |
_aNLR _bЭ _jПлИр995/ОКТЛ-42 _mЭ029027, Э029028, Э029029, Э029030, Э029031 |
||
| 856 | 0 | _uhttp://vivaldi.nlr.ru/la000010393/view | |
| 856 | 1 | _uhttp://vivaldi.nlr.ru/la000010393/cover | |
| 856 | 2 | _uhttp://vivaldi.nlr.ru/la000010393/text | |
| 901 | _eИзографические материалы | ||
| 942 | _cVISUAL | ||
| 945 | _aРоссийская национальная библиотека | ||
| 980 | _aNB | ||
| 980 | _aBV | ||
| 981 | 3 | 7 | _a(37) Ленинград в Великой Отечественной войне |
| 981 | 1 | 7 |
_a(17) Изографические материалы _b(17) Плакаты |